000 00804nam a2200205Ia 4500
003 GCL
008 140319s9999 xx 000 0 ara d
040 _aGCL /
_cGCL
082 0 4 _a410
_bم م
100 1 _aالمنظمة العربية للتربية والثقافة
245 1 0 _aالمجلة العربية للثقافة: مجلة نصف سنوية /
_cالمنظمة العربية للتربية والثقافة
700 1 _aالمنظمةالاسلاميةللتربيةوالعلوم
300 _a225 ص
490 _aالهيئة العامة للاستعلامات
_v0
650 0 4 _aاللغة العربية
650 0 4 _aالدوريات
650 0 4 _aاللغة العربية - تاريخ ونقد
650 0 4 _aاللغة العربية - المصطلحات
942 _2ddc
_cBK
999 _c51100
_d51100